00541nam a22001697a 4500003000900000008004100009040007100050082001700121100001800138245002200156260003000178300002600208505009400234650001500328650001300343650001500356AR-CdUCM190312b ||||| |||| 00| 0 spa d aMUNICIPALIDAD PROVINCIAL DEL CUSCOcBIBLIOTECA MUNICIPAL DEL CUSCO a858.9 /bB74 aBerence, Fred aLucrecia Borgia / aMéxico :bDiana,c1960. a323 paginas ;c21 cm. aContenido : El mundo en que nació Lucrecia -- Infancia de Lucrecia -- Lucrecia novia... aLos Borgia aSiglo XX aBiografias